| 000 | 004690000a22001810004500 | ||
|---|---|---|---|
| 003 | LK-CoMWRAF | ||
| 008 | 230817t ||||| |||| 00| 0 eng d | ||
| 040 |
_aLK-CoMWRAF _dLK-CoMWRAF _eLK-CoMWRAF |
||
| 041 | _aeng | ||
| 082 |
_a390 _bWOM |
||
| 245 |
_aWomen in development _ba bibliography |
||
| 250 | _a4th ed. | ||
| 260 |
_aThe hague _bInstitute of Soc.Stud. _c1979 |
||
| 300 | _ap.76 | ||
| 650 | _aBibliography-Women | ||
| 650 | _awomen & development | ||
| 942 | _cBK | ||
| 999 |
_c2102 _d2102 |
||